[Event "EU-chT Seniors 04th"]
[Site "Dresden"]
[Date "2002.03.02"]
[Round "7.2"]
[White "Schwertel, Hans"]
[Black "Gradl, Rudolf"]
[Result "1-0"]
[WhiteElo "2073"]
[BlackElo "1710"]
[EventDate "2002.02.25"]
[PlyCount "119"]

1.d4 Nf6 2.Nf3 g6 3.Bf4 c6 4.c3 d5 5.Nbd2 Bg7 6.e3 O-O 7.Bd3 Nh5 8.Be5 Bg4
9.Qb3 Qb6 10.h3 Be6 11.O-O Nd7 12.g4 Nhf6 13.Qc2 Nxe5 14.Nxe5 Nd7 15.f4 
Nxe5 16.fxe5 Rac8 17.b4 f6 18.exf6 exf6 19.Nb3 Qc7 20.Qg2 b6 21.Rf3 Qd7 
22.Raf1 Rf7 23.Nc1 Rcf8 24.Ne2 f5 25.g5 b5 26.Nf4 Qe7 27.h4 Bh8 28.Rh3 Rg7
29.Rff3 Bd7 30.Rfg3 a5 31.a3 axb4 32.axb4 Be8 33.Qf3 Qa7 34.Ne6 Qa1+ 35.
Qf1 Qxf1+ 36.Bxf1 Ra7 37.Nxf8 Kxf8 38.Rg2 Ra3 39.Rc2 Ke7 40.Kf2 Kd6 41.Be2
f4 42.Bg4 fxe3+ 43.Rxe3 Bd7 44.Bxd7 Kxd7 45.Rf3 Kd6 46.Rf8 Rxc3 47.Rxc3 
Bxd4+ 48.Re3 c5 49.bxc5+ Kxc5 50.Ke2 Bxe3 51.Kxe3 b4 52.Rc8+ Kb5 53.Kd4 
Ka4 54.Kxd5 b3 55.Ke6 b2 56.Rb8 Ka3 57.Kf7 Ka2 58.Kg7 b1=Q 59.Rxb1 Kxb1 
60.Kxh7 1-0

[Event "EU-chT Seniors 04th"]
[Site "Dresden"]
[Date "2002.03.02"]
[Round "7.2"]
[White "Starke, Burkhard"]
[Black "Rudnik, Heinz"]
[Result "1-0"]
[WhiteElo "2052"]
[BlackElo "2052"]
[EventDate "2002.02.25"]
[PlyCount "113"]

1.d4 d5 2.Nf3 Nf6 3.c4 c6 4.cxd5 cxd5 5.Nc3 g6 6.Bf4 Bg7 7.h3 O-O 8.e3 Nc6
9.Bd3 a6 10.a3 Nh5 11.Bh2 f5 12.Qb3 e6 13.Ne2 Qa5+ 14.Qc3 Qxc3+ 15.bxc3 
Na5 16.Bc7 Nc4 17.Bxc4 dxc4 18.a4 Nf6 19.Be5 Bd7 20.a5 Bc6 21.O-O h6 22.
Nf4 Kf7 23.Bd6 Rfd8 24.Ne5+ Kg8 25.Bb4 Re8 26.Nfxg6 Bb5 27.Nf4 Ne4 28.Rfd1
Rad8 29.Neg6 Kf7 30.f3 Nf6 31.Kf2 Nd5 32.Nxd5 Rxd5 33.Nf4 Rd7 34.Nh5 Bh8 
35.e4 Bf6 36.Nxf6 Kxf6 37.g4 fxe4 38.fxe4 Rb8 39.Bd6 Rg8 40.Be5+ Kg6 41.
Ke3 Rf8 42.Rf1 Rdf7 43.Rxf7 Rxf7 44.Ke2 Bc6 45.Ke3 Kg5 46.Bg3 Rf8 47.Bf4+ 
Kg6 48.h4 h5 49.g5 Rf7 50.Ra2 Rf8 51.Rf2 Rf7 52.Bg3 Rxf2 53.Bxf2 b6 54.
axb6 a5 55.Bg3 a4 56.Bd6 Bb7 57.Kf4 1-0

[Event "EU-chT Seniors 04th"]
[Site "Dresden"]
[Date "2002.03.02"]
[Round "7.2"]
[White "Villing, Dieter"]
[Black "Opl, Klaus"]
[Result "1/2-1/2"]
[WhiteElo "2231"]
[BlackElo "2263"]
[EventDate "2002.02.25"]
[PlyCount "127"]

1.e4 e5 2.Bc4 Nf6 3.d3 Nc6 4.Nf3 Be7 5.Bg5 d6 6.Nbd2 h6 7.Bxf6 Bxf6 8.Nf1 
Ne7 9.Ng3 g6 10.h4 Bg4 11.Qd2 Bxf3 12.gxf3 d5 13.Bb3 c6 14.a4 a5 15.Ke2 h5
16.Nf1 Nc8 17.Ne3 Nb6 18.Ng2 Qd6 19.Ne3 dxe4 20.dxe4 Qe7 21.Rad1 Bxh4 22.
Nc4 Nxc4 23.Bxc4 Bg5 24.Qc3 Kf8 25.Rd3 Kg7 26.Rhd1 Rhd8 27.Rxd8 Rxd8 28.
Rxd8 Qxd8 29.Qxe5+ Bf6 30.Qf4 Qe7 31.b3 Bg5 32.Qg3 h4 33.Qg4 f5 34.Qh3 Qe5
35.Kf1 Kf6 36.Bd3 Qf4 37.Kg2 Bh6 38.exf5 gxf5 39.Qh2 Qxh2+ 40.Kxh2 Ke5 41.
Kg2 Bg5 42.Kh3 Kf4 43.Be2 Bf6 44.Bd3 Be7 45.Be2 Ke5 46.Bd3 Bd8 47.Be2 Be7 
48.Bd3 Kf4 49.Be2 Kg5 50.Bc4 Bc5 51.Kg2 Kf4 52.Be6 Ke5 53.Bc8 b6 54.Bd7 
Kd6 55.Bxf5 b5 56.Bd3 bxa4 57.bxa4 Bd4 58.Be4 c5 59.c4 Ke5 60.Bg6 Kf4 61.
Be8 Bf6 62.Bb5 Ke5 63.Kg1 Kd4 64.Kg2 1/2-1/2

[Event "EU-chT Seniors 04th"]
[Site "Dresden"]
[Date "2002.03.02"]
[Round "7.3"]
[White "Brameyer, Hermann"]
[Black "Krueger, Erich"]
[Result "1/2-1/2"]
[WhiteElo "2225"]
[BlackElo "2215"]
[EventDate "2002.02.25"]
[PlyCount "60"]

1.Nf3 Nf6 2.c4 g6 3.Nc3 Bg7 4.d4 d6 5.e4 O-O 6.Be2 e5 7.dxe5 dxe5 8.Qxd8 
Rxd8 9.Bg5 c6 10.Nxe5 Re8 11.O-O-O Na6 12.f4 h6 13.Bxf6 Bxf6 14.b3 Nc5 15.
Kb2 Bxe5 16.fxe5 Be6 17.Rd6 Kf8 18.Rhd1 Ke7 19.Bf3 Rad8 20.Ne2 Nd7 21.Nf4 
Nxe5 22.c5 b6 23.Rxd8 Rxd8 24.Rxd8 Kxd8 25.Nxe6+ fxe6 26.cxb6 axb6 27.Be2 
Kc7 28.Kc3 Kd6 29.a4 c5 30.b4 Nc6 1/2-1/2

[Event "EU-chT Seniors 04th"]
[Site "Dresden"]
[Date "2002.03.02"]
[Round "7.3"]
[White "Gafke, Manfred"]
[Black "Boeckenhaupt, Rudi"]
[Result "1/2-1/2"]
[WhiteElo "1723"]
[BlackElo "2170"]
[EventDate "2002.02.25"]
[PlyCount "97"]

1.d4 Nf6 2.Nf3 b6 3.c4 Bb7 4.Nc3 e6 5.Bf4 Bb4 6.e3 Nh5 7.Bg5 f6 8.Bh4 g6 
9.Bd3 Ng7 10.O-O Nf5 11.Bg3 O-O 12.Qc2 a6 13.Nh4 Kg7 14.Rae1 Nxh4 15.Bxh4 
d5 16.a3 Be7 17.cxd5 exd5 18.b4 f5 19.Bg3 Bf6 20.Rc1 c6 21.Qe2 Nd7 22.h3 
Re8 23.Qc2 b5 24.Ne2 Nb6 25.Ra1 Qd7 26.Nc1 Nc4 27.Nb3 Qe7 28.Nc5 Bc8 29.
Rfe1 a5 30.Reb1 axb4 31.axb4 Be6 32.Ra2 Nb6 33.Rba1 Rxa2 34.Qxa2 Ra8 35.
Qb1 Rxa1 36.Qxa1 Nd7 37.Qa7 Nxc5 38.Qxe7+ Bxe7 39.Be5+ Bf6 40.Bxf6+ Kxf6 
41.dxc5 Bd7 42.Kf1 Ke5 43.f4+ Kf6 44.h4 h6 45.Kf2 g5 46.hxg5+ hxg5 47.
fxg5+ Kxg5 48.Kg3 Be8 49.Be2 1/2-1/2

[Event "EU-chT Seniors 04th"]
[Site "Dresden"]
[Date "2002.03.02"]
[Round "7.3"]
[White "Golcman, Evgeny"]
[Black "Shabanov, Yuri"]
[Result "0-1"]
[WhiteElo "2225"]
[BlackElo "2463"]
[EventDate "2002.02.25"]
[PlyCount "78"]

1.c4 Nf6 2.Nc3 c6 3.d4 d5 4.e3 e6 5.Qb3 Nbd7 6.Nf3 Bd6 7.Bd3 O-O 8.O-O Qe7
9.Bd2 dxc4 10.Bxc4 e5 11.dxe5 Nxe5 12.Be2 Nxf3+ 13.Bxf3 Bg4 14.Bxg4 Nxg4 
15.h3 Nf6 16.Qc4 Rfe8 17.Rad1 Rad8 18.Bc1 Qe5 19.g3 h5 20.Rd3 Bc7 21.Rfd1 
Rxd3 22.Rxd3 Qf5 23.Rd4 Qxh3 24.Rh4 Qf5 25.Qe2 Be5 26.Bd2 Qc2 27.Be1 Qxe2 
28.Nxe2 Rd8 29.Nc3 g6 30.Kf1 Nd5 31.Nd1 f5 32.Ke2 Nf6 33.Rb4 b5 34.Rb3 Bd6
35.Rd3 Be7 36.Rxd8+ Bxd8 37.Bc3 Kf7 38.b3 Bc7 39.Nb2 Ne4 0-1

[Event "EU-chT Seniors 04th"]
[Site "Dresden"]
[Date "2002.03.02"]
[Round "7.3"]
[White "Harzer, Paul"]
[Black "Beckel, Friedrich"]
[Result "1-0"]
[WhiteElo "2015"]
[BlackElo "2031"]
[EventDate "2002.02.25"]
[PlyCount "57"]

1.d4 Nf6 2.Nf3 g6 3.Bg5 Bg7 4.Nbd2 d5 5.e3 O-O 6.Bd3 b6 7.Qe2 Bb7 8.O-O c5
9.c3 Nc6 10.Rad1 Re8 11.Ne5 Nd7 12.f4 Ncxe5 13.dxe5 f6 14.Bh4 fxe5 15.f5 
e4 16.Nxe4 c4 17.Bc2 Qc8 18.Ng5 Ne5 19.Ne6 Bh6 20.Bg3 Nd3 21.Bxd3 cxd3 22.
Qg4 Bxe3+ 23.Kh1 Qc4 24.Bf4 d4 25.Bxe3 Bxg2+ 26.Kxg2 Qd5+ 27.Qf3 Qxf3+ 28.
Rxf3 dxe3 29.Rxd3 1-0

[Event "EU-chT Seniors 04th"]
[Site "Dresden"]
[Date "2002.03.02"]
[Round "7.3"]
[White "Kristiansen, Erling"]
[Black "Niedermayr, Horst"]
[Result "1-0"]
[WhiteElo "2246"]
[BlackElo "2172"]
[EventDate "2002.02.25"]
[PlyCount "85"]

1.e4 c5 2.Nf3 Nc6 3.d4 cxd4 4.Nxd4 g6 5.c4 Bg7 6.Be3 Nf6 7.f3 d6 8.Nc3 O-O
9.Nc2 Be6 10.Qd2 Ne5 11.b3 Qa5 12.Nd5 Qxd2+ 13.Kxd2 Nc6 14.Rc1 Rfc8 15.Be2
Kf8 16.g4 h6 17.Nxf6 exf6 18.h4 f5 19.exf5 gxf5 20.g5 hxg5 21.Bxg5 d5 22.
cxd5 Bxd5 23.h5 Bb2 24.Rb1 Be5 25.Rh4 Ke8 26.Ne3 Be6 27.Nc4 Bxc4 28.Bxc4 
f6 29.Be3 Rd8+ 30.Ke2 Nd4+ 31.Bxd4 Rxd4 32.Rxd4 Bxd4 33.h6 Kf8 34.Rd1 Re8+
35.Kf1 Be3 36.h7 Kg7 37.Rd7+ Kh8 38.Rxb7 Rd8 39.Ke2 f4 40.Bd3 Rf8 41.Bf5 
Rd8 42.Kf1 Re8 43.Kg2 1-0

[Event "EU-chT Seniors 04th"]
[Site "Dresden"]
[Date "2002.03.02"]
[Round "7.3"]
[White "Landgraf, Siegfried"]
[Black "Wade, Robert Graham"]
[Result "1/2-1/2"]
[WhiteElo "2074"]
[BlackElo "2224"]
[EventDate "2002.02.25"]
[PlyCount "29"]

1.d4 d6 2.Nf3 Bg4 3.c4 c6 4.Qb3 Qb6 5.Qxb6 axb6 6.h3 Bh5 7.Bd2 e6 8.Nc3 
Nf6 9.e3 Nbd7 10.Bd3 d5 11.O-O Bd6 12.a3 Bg6 13.Be2 O-O 14.Rac1 h6 15.Rfd1
1/2-1/2

[Event "EU-chT Seniors 04th"]
[Site "Dresden"]
[Date "2002.03.02"]
[Round "7.3"]
[White "Meier, Wolfgang"]
[Black "Pietruske, Siegfried"]
[Result "1-0"]
[WhiteElo "2102"]
[BlackElo "1949"]
[EventDate "2002.02.25"]
[PlyCount "65"]

1.Nf3 e6 2.c4 f5 3.d4 Nf6 4.Nc3 d5 5.Bf4 c6 6.e3 Bd6 7.Ne5 O-O 8.Be2 Qe7 
9.c5 Bc7 10.O-O Qd8 11.Qc2 Nbd7 12.Nd3 Ne4 13.f3 Nxc3 14.Qxc3 Nf6 15.b4 
Bd7 16.Rfb1 Bxf4 17.exf4 Nh5 18.Qd2 Qe7 19.Ne5 Rfc8 20.a4 a6 21.Qe3 Nf6 
22.Bd3 Re8 23.Re1 g6 24.g3 Kg7 25.Qe2 b5 26.axb5 axb5 27.Ra2 Rxa2 28.Qxa2 
Rc8 29.Qa7 Qe8 30.Ra1 Qd8 31.Ra6 Qc7 32.g4 Kf8 33.g5 1-0

[Event "EU-chT Seniors 04th"]
[Site "Dresden"]
[Date "2002.03.02"]
[Round "7.3"]
[White "Morgner, Siegfried"]
[Black "Schurig, Wilhelm"]
[Result "0-1"]
[WhiteElo "1730"]
[BlackElo "1959"]
[EventDate "2002.02.25"]
[PlyCount "67"]

1.Nf3 g6 2.d4 Bg7 3.c4 d6 4.Nc3 Bg4 5.e3 Na6 6.h3 Bd7 7.Be2 c5 8.d5 Nf6 9.
O-O O-O 10.a3 Nc7 11.e4 Nfe8 12.Bg5 h6 13.Bh4 a6 14.a4 b6 15.Ra3 Rb8 16.
Rb3 g5 17.Bg3 e5 18.dxe6 Bxe6 19.e5 dxe5 20.Qxd8 Rxd8 21.Rxb6 g4 22.hxg4 
Bxg4 23.Nxe5 Bxe2 24.Nxe2 Rd2 25.Nc1 Nf6 26.Nf3 Rd7 27.Rc6 Ne6 28.Rxa6 Ne4
29.Be5 Nd2 30.Bxg7 Nxf3+ 31.gxf3 Kxg7 32.Rc6 Kg8 33.Re1 Nd4 34.Kf1 0-1

[Event "EU-chT Seniors 04th"]
[Site "Dresden"]
[Date "2002.03.02"]
[Round "7.3"]
[White "Petzold, Rolf"]
[Black "Netz, Siegfried"]
[Result "0-1"]
[WhiteElo "1640"]
[BlackElo "1936"]
[EventDate "2002.02.25"]
[PlyCount "64"]

1.d4 f5 2.Nf3 Nf6 3.g3 e6 4.Bg2 Be7 5.O-O O-O 6.c4 d6 7.Nc3 Qe8 8.Re1 Qg6 
9.e4 Nxe4 10.Nxe4 fxe4 11.Rxe4 Bf6 12.Re1 Nc6 13.b3 e5 14.dxe5 Nxe5 15.
Nxe5 Bxe5 16.Be4 Qf6 17.Be3 Bxa1 18.Qxa1 Qxa1 19.Rxa1 a6 20.Rd1 a5 21.a3 
Bg4 22.Bd5+ Kh8 23.Rd4 Bf3 24.Kf1 Bxd5 25.Rxd5 Rae8 26.Ke2 b6 27.h4 Re6 
28.Rd3 Re4 29.Kd2 a4 30.Kc2 Ra8 31.Kc3 axb3 32.Kxb3 Kg8 0-1

[Event "EU-chT Seniors 04th"]
[Site "Dresden"]
[Date "2002.03.02"]
[Round "7.3"]
[White "Weise, Wolfgang"]
[Black "Eis, Helko"]
[Result "1/2-1/2"]
[WhiteElo "2198"]
[BlackElo "2108"]
[EventDate "2002.02.25"]
[PlyCount "43"]

1.d4 d6 2.e4 Nf6 3.f3 Nbd7 4.Be3 e5 5.d5 a5 6.Qd2 Be7 7.Ne2 Nh5 8.Nbc3 h6 
9.g3 Bg5 10.h4 Bxe3 11.Qxe3 Qf6 12.Nb5 Kd8 13.Bh3 Nc5 14.Bxc8 Kxc8 15.
O-O-O a4 16.a3 g5 17.Kb1 Kd7 18.b4 axb3 19.cxb3 gxh4 20.b4 Na6 21.Rxh4 
Nxg3 22.Rh2 1/2-1/2

[Event "EU-chT Seniors 04th"]
[Site "Dresden"]
[Date "2002.03.03"]
[Round "7.3"]
[White "Petzold, Hans"]
[Black "Neudel, Bernd"]
[Result "1/2-1/2"]
[WhiteElo "1898"]
[BlackElo "1767"]
[EventDate "2002.02.25"]
[PlyCount "48"]

1.e4 c5 2.Nc3 Nc6 3.g3 g6 4.Bg2 Bg7 5.d3 d6 6.f4 e6 7.Nf3 Nge7 8.O-O O-O 
9.Be3 Nd4 10.Qd2 Nec6 11.Nd1 Bd7 12.Ne1 Ne7 13.c3 Ndc6 14.Nf3 b6 15.d4 Qc7
16.Nf2 Rac8 17.dxc5 dxc5 18.Rfe1 Rcd8 19.Rad1 Bc8 20.Qe2 Rxd1 21.Rxd1 Rd8 
22.e5 Rxd1+ 23.Qxd1 Qb7 24.Ne4 Nd5 1/2-1/2

[Event "EU-chT Seniors 04th"]
[Site "Dresden"]
[Date "2002.03.02"]
[Round "7.4"]
[White "Barnstedt, Dietrich"]
[Black "Groiss, Karl"]
[Result "1-0"]
[WhiteElo "2085"]
[BlackElo "1821"]
[EventDate "2002.02.25"]
[PlyCount "79"]

1.d4 d5 2.Nf3 e6 3.e3 c5 4.c3 Nf6 5.Bd3 cxd4 6.exd4 Bd6 7.O-O Nc6 8.Bg5 
Be7 9.Nbd2 O-O 10.Qe2 h6 11.Bxf6 Bxf6 12.Ne5 Nxe5 13.dxe5 Be7 14.Nf3 Bd7 
15.Nd4 a6 16.Kh1 Bc5 17.Nb3 Bb6 18.f4 Bc6 19.Rad1 Qe7 20.Qg4 Rad8 21.Rde1 
d4 22.cxd4 Bxd4 23.Nxd4 Rxd4 24.Re3 Rfd8 25.Rg3 f5 26.exf6 Qxf6 27.Bc2 Bd5
28.Bb3 Bxb3 29.Rxb3 b5 30.g3 e5 31.Rc3 Qb6 32.Qf3 e4 33.Qe3 Qe6 34.f5 Qd5 
35.Rf4 Qxa2 36.f6 Qxb2 37.f7+ Kf8 38.Qxd4 Qb1+ 39.Kg2 Qa2+ 40.Rf2 1-0

[Event "EU-chT Seniors 04th"]
[Site "Dresden"]
[Date "2002.03.02"]
[Round "7.4"]
[White "Bebchuk, Evgeni"]
[Black "Prelovskij, Rudolf"]
[Result "1-0"]
[WhiteElo "2333"]
[BlackElo "2208"]
[EventDate "2002.02.25"]
[PlyCount "93"]

1.e4 c5 2.Nf3 Nf6 3.Nc3 d6 4.d4 cxd4 5.Qxd4 a6 6.Be3 Nc6 7.Qb6 Qxb6 8.Bxb6
Bg4 9.Be2 Rc8 10.O-O-O g6 11.Be3 Bg7 12.h3 Bd7 13.Nd2 Be6 14.Kb1 O-O 15.g4
d5 16.exd5 Nxd5 17.Nxd5 Bxd5 18.Bf3 Rfd8 19.Bb6 Rd7 20.Bxd5 Rxd5 21.c4 Rd3
22.Ne4 Ne5 23.b3 Rc6 24.Ba7 b5 25.f4 f5 26.gxf5 gxf5 27.fxe5 Rxd1+ 28.Rxd1
fxe4 29.cxb5 axb5 30.Bd4 Kf7 31.Re1 Ke6 32.Rxe4 Kd5 33.Rh4 h6 34.Bb2 Rg6 
35.a4 bxa4 36.bxa4 Ra6 37.Kc2 e6 38.Rd4+ Kc5 39.Rd7 Bxe5 40.Bxe5 Rxa4 41.
Bf6 Rf4 42.Be7+ Kc4 43.Rd6 Re4 44.Kd2 h5 45.h4 Re5 46.Rc6+ Kb5 47.Rc8 1-0

[Event "EU-chT Seniors 04th"]
[Site "Dresden"]
[Date "2002.03.02"]
[Round "7.4"]
[White "Fehres, Werner"]
[Black "Zanger, Konrad"]
[Result "1/2-1/2"]
[WhiteElo "2104"]
[BlackElo "1695"]
[EventDate "2002.02.25"]
[PlyCount "88"]

1.e4 e5 2.Nf3 Nc6 3.Nc3 Be7 4.Bc4 Na5 5.Qe2 Nc6 6.O-O Nf6 7.Nd5 O-O 8.c3 
d6 9.b4 a6 10.a4 Bg4 11.h3 Bxf3 12.Qxf3 Rb8 13.Ba2 Na7 14.d4 Nxd5 15.Bxd5 
c6 16.Bb3 Bf6 17.d5 cxd5 18.Bxd5 Nc6 19.Rd1 Qc7 20.Bb3 Rbc8 21.Rd3 Ne7 22.
Bb2 Ng6 23.g3 h6 24.Rad1 Rcd8 25.Rc1 Be7 26.Qg4 Kh7 27.h4 Qc8 28.Qf5 Qxf5 
29.exf5 Nh8 30.Bd5 Rb8 31.Kg2 f6 32.Re1 Nf7 33.g4 b5 34.a5 g5 35.hxg5 Nxg5
36.f4 Nf7 37.Rh3 Kg7 38.fxe5 fxe5 39.Bxf7 Kxf7 40.Rxh6 Rg8 41.Kf3 Rbc8 42.
Rh7+ Kf8 43.Rh6 Ke8 44.Re3 Rc4 1/2-1/2

[Event "EU-chT Seniors 04th"]
[Site "Dresden"]
[Date "2002.03.02"]
[Round "7.4"]
[White "Flockhart, Hugh"]
[Black "Kneschke, Hansjuergen"]
[Result "1/2-1/2"]
[WhiteElo "1584"]
[BlackElo "1960"]
[EventDate "2002.02.25"]
[PlyCount "35"]

1.e4 e6 2.d4 d5 3.Nd2 Nf6 4.e5 Nfd7 5.Bd3 c5 6.c3 Nc6 7.Ne2 Qb6 8.Nf3 cxd4
9.cxd4 f6 10.exf6 Nxf6 11.O-O Bd6 12.Nc3 O-O 13.Be3 Bd7 14.Na4 Qd8 15.Rc1 
e5 16.dxe5 Nxe5 17.Nxe5 Bxe5 18.Bg5 1/2-1/2

[Event "EU-chT Seniors 04th"]
[Site "Dresden"]
[Date "2002.03.02"]
[Round "7.4"]
[White "Gruenig, Siegfried"]
[Black "Nowarra, Waltraud"]
[Result "1/2-1/2"]
[WhiteElo "1792"]
[BlackElo "2215"]
[EventDate "2002.02.25"]
[PlyCount "60"]

1.e4 c5 2.Nf3 e6 3.c3 d5 4.e5 c4 5.b3 cxb3 6.axb3 Nc6 7.d4 Nge7 8.Bg5 h6 
9.Bc1 Bd7 10.Bd3 a6 11.O-O Rc8 12.Qe2 Na5 13.Qa2 Nac6 14.Ba3 Na7 15.Bb2 
Nec6 16.Nbd2 Qb6 17.Rfc1 Nb5 18.Bf1 Be7 19.Qb1 O-O 20.Qd3 Na5 21.Qe3 Na7 
22.b4 Nc4 23.Bxc4 dxc4 24.Ne4 Bc6 25.Nfd2 Bd5 26.Re1 Nb5 27.Qg3 Qd8 28.Bc1
Kh7 29.Nf1 Bh4 30.Qh3 f5 1/2-1/2

[Event "EU-chT Seniors 04th"]
[Site "Dresden"]
[Date "2002.03.02"]
[Round "7.4"]
[White "MacDonald Ross, Michael"]
[Black "Hampel, Johannes"]
[Result "1/2-1/2"]
[WhiteElo "2170"]
[BlackElo "2011"]
[EventDate "2002.02.25"]
[PlyCount "71"]

1.d4 d5 2.Nf3 Bf5 3.c4 e6 4.Qb3 Nc6 5.c5 Rb8 6.Nc3 Be7 7.Bf4 Bf6 8.e3 g5 
9.Bg3 h5 10.h3 Nge7 11.Qa4 a6 12.Be2 Kf8 13.Rd1 Kg7 14.a3 Ng6 15.b4 Ra8 
16.Qb3 Na7 17.a4 g4 18.hxg4 hxg4 19.Rxh8 Qxh8 20.Nh2 c6 21.Bxg4 Bxg4 22.
Nxg4 Qh1+ 23.Ke2 Qxg2 24.Nxf6 Kxf6 25.Qb1 Qh3 26.Rh1 Qg4+ 27.Kd2 Re8 28.
Qd1 Qxd1+ 29.Kxd1 Nc8 30.Kc2 Nce7 31.e4 Kg7 32.f3 f5 33.Bd6 fxe4 34.fxe4 
Rf8 35.Rh2 Rf3 36.exd5 1/2-1/2

[Event "EU-chT Seniors 04th"]
[Site "Dresden"]
[Date "2002.03.02"]
[Round "7.4"]
[White "Mauersberger, Hermann"]
[Black "Langenfeld, Heinz"]
[Result "1-0"]
[WhiteElo "2010"]
[BlackElo "1909"]
[EventDate "2002.02.25"]
[PlyCount "93"]

1.e4 g6 2.Nf3 d6 3.d4 Bg7 4.c3 Nf6 5.Qc2 O-O 6.Be2 b6 7.O-O Bb7 8.Nbd2 
Nbd7 9.Rd1 e5 10.Ne1 Qe7 11.d5 Ne8 12.Ndf3 h6 13.g3 f5 14.Nh4 Qf6 15.exf5 
gxf5 16.Bh5 Nc5 17.Ng6 Rf7 18.Ng2 Ne4 19.N6h4 Rf8 20.Bg6 Bc8 21.Ne3 Ng5 
22.Nexf5 Nf3+ 23.Nxf3 Bxf5 24.Bxf5 Qxf5 25.Qxf5 Rxf5 26.Nh4 Rf7 27.g4 Nf6 
28.h3 h5 29.f3 e4 30.g5 Nd7 31.fxe4 Nc5 32.Nf5 Be5 33.Nh6+ Kg7 34.Nxf7 
Kxf7 35.Re1 Kg6 36.Rf1 Nxe4 37.Bf4 Bxf4 38.Rxf4 Nxg5 39.Kg2 Re8 40.Raf1 
Re5 41.Rf6+ Kg7 42.R6f5 Kg6 43.Rxe5 dxe5 44.Rf8 Ne4 45.Rc8 Nf6 46.Rxc7 
Nxd5 47.Rxa7 1-0

[Event "EU-chT Seniors 04th"]
[Site "Dresden"]
[Date "2002.03.02"]
[Round "7.4"]
[White "Neese, Hans Joachim"]
[Black "Lieb, Harald"]
[Result "1/2-1/2"]
[WhiteElo "2136"]
[BlackElo "2300"]
[EventDate "2002.02.25"]
[PlyCount "39"]

1.d4 Nf6 2.Nf3 d5 3.c4 c6 4.e3 Bg4 5.Nc3 e6 6.Qb3 Qb6 7.Ne5 Nbd7 8.Nxg4 
Nxg4 9.h3 Ngf6 10.c5 Qc7 11.Bd2 e5 12.Be2 Be7 13.O-O O-O 14.Qc2 Rfe8 15.b4
Nf8 16.dxe5 Qxe5 17.Bd3 Rad8 18.Ne2 Ne4 19.Rad1 Nxd2 20.Rxd2 1/2-1/2

[Event "EU-chT Seniors 04th"]
[Site "Dresden"]
[Date "2002.03.02"]
[Round "7.4"]
[White "Winiwarter, Felix"]
[Black "Ofstad, Per"]
[Result "1/2-1/2"]
[WhiteElo "2188"]
[BlackElo "2196"]
[EventDate "2002.02.25"]
[PlyCount "70"]

1.d4 d5 2.Nf3 Nf6 3.c4 c6 4.Nc3 e6 5.e3 Nbd7 6.Bd3 Bd6 7.O-O O-O 8.e4 dxe4
9.Nxe4 Nxe4 10.Bxe4 h6 11.Bc2 Re8 12.Qd3 Nf8 13.b3 Qa5 14.Bb2 Qh5 15.Rfe1 
Bd7 16.Re4 Rad8 17.Rae1 f6 18.c5 Bc7 19.b4 Bc8 20.Bb3 a6 21.Rh4 Qg6 22.
Ree4 f5 23.Re1 Nh7 24.Ne5 Bxe5 25.Rxe5 Qf6 26.Qg3 Qg5 27.Qf4 Qxf4 28.Rxf4 
Kf8 29.Rf3 Nf6 30.h3 Nh5 31.a3 Kf7 32.Bc1 g5 33.Rd3 Bd7 34.f4 Kf6 35.fxg5+
hxg5 1/2-1/2